Apartheid Quiz - Statistics

General Stats
  • This quiz has been taken 139 times
  • The average score is 4 of 9
Answer Stats
Hint Answer % Correct
Racial segregation in South Africa Apartheid
95%
ANC leader who was imprisoned for 28 years, and later went on to serve as president of South Africa Nelson Mandela
84%
Political party with the goal to eliminate apartheid African National Congress
67%
Percentage of South Africa's white population 9%
56%
Percentage of South Africa's black population 75%
44%
underdeveloped housing areas during apartheid meant to further segregate the black population from the white population. Over 2,000 still exist today townships
29%
Country that openly criticized apartheid India
14%
Act that had an account of all South Africans and their race Population Registration Act
6%
Act that separated black South Africans from white areas Bantu Self-Government Act
0%
No matching quizzes found
Score Distribution
Percent of People with Each Score
Percentile by Number Answered
Your Score History
You have not taken this quiz